000 01994nam a22002897a 4500
003 URS
005 20251023094934.0
008 250904b ||||| |||| 00| 0 eng d
040 _cURS
245 _aMathematical Model Of Plant Growth In Different Led Light Conditions
_bRegine D. Pantone et... al...
260 _cNovember 2024
300 _a24 pages .,;
_billustrations,
_c28cm.
336 _2rdacontent
_atext
337 _2rdamedia
_aunmediated
338 _2rdacarrier
_avolume
502 _athesis
_bCollege of Science
_cUniversity of Rizal System-Morong
_d2024
520 _aThis research investigates the effects of different light conditions on plant growth, focusing on garlic (Allium sativum). By designing an experiment to expose garlic plants to various light spectra, including red, blue, and violet LEDs, as well as natural sunlight, the study aims to gather comprehensive data on growth parameters such as plant height, leaf area, biomass, and concentrations of beneficial compounds like allicin. A predictive mathematical model, using a sixth-degree polynomial (6th poly), utilizes this data to describe the relationship between light conditions and plant growth, incorporating key variables such as light intensity, spectrum, and photoperiod. This research seeks to optimize agricultural practices by providing insights into how different light conditions can enhance plant growth and improve crop yields, thereby contributing to more efficient and sustainable farming methods.
700 _aRegine D. Pantone
_eAuthor
700 _aConnie U. Diñozo
_eAuthor
700 _aFreilyn Margarette B. Lisaba
_eAuthor
700 _aAbigail L. Sampang
_eAuthor
700 _aMalcom A. Tuñacao
_eAuthor
700 _aBinaluyo Jr., Jose E.
_edegree supervisor
856 _3Online Request for Student Unpublished Works
_uhttps://forms.gle/7LqvGGkaDrUQqz429
856 _uhttps://drive.google.com/file/d/1qxoWelIT5ncF--3xsxgncNqbJ71BVNGn/view?usp=drive_link
942 _2lcc
_cT
999 _c85923
_d85921